000 00660nam a2200241Ia 4500
005 20260121112048.0
008 3001 260114s9999 xx 000 0 eng d
020 _a9789811232497
037 _aEBOOK
040 _aCRL
_beng
_cCRL
041 _aeng
_2eng
084 _qCRL
100 _aHe Lin Et Al
_9951625
245 0 _aWhat Makes You Unique?: the Secrets of Genes and Heredity
260 _bWorld Scientific
260 _bWSPC
260 _c2021
650 _aLife Sciences / Biology
_9951626
856 _uhttps://www.worldscientific.com/worldscibooks/10.1142/12166#t=toc
942 _cEBOOK
999 _c1540301
_d1540301